书目信息 |
| 题名: |
送给教师的健康书
|
|
| 作者: | 张存泰 主编 | |
| 分册: | ||
| 出版信息: | 武汉 湖北人民出版社 2014 |
|
| 页数: | 542页 | |
| 开本: | 21cm | |
| 丛书名: | ||
| 单 册: | ||
| 中图分类: | G478.2 | |
| 科图分类: | ||
| 主题词: | 教师--保健--基础知识 | |
| 电子资源: | ||
| ISBN: | 978-7-216-08318-8 | |
| 000 | 01015nam0 2200229 450 | |
| 001 | 012001002458 | |
| 005 | 20131029084146.0 | |
| 010 | @a978-7-216-08318-8@dCNY48.00 | |
| 100 | @a20141017d2014 em y0chiy50 ea | |
| 101 | 0 | @achi |
| 102 | @aCN@b420000 | |
| 105 | @aa z 000yy | |
| 106 | @ar | |
| 200 | 1 | @a送给教师的健康书@9song gei jiao shi de jian kang shu@f张存泰主编 |
| 210 | @a武汉@c湖北人民出版社@d2014 | |
| 215 | @a542页@c图@d21cm | |
| 330 | @a本书介绍了身体报警信号和体检的相关知识,提醒教师们自行留意身体可能的疾病隐患;针对教师常见的职业病、多发病,提供了自诊、检查、预防、运动锻炼以及居家食疗、按摩的方法;告诉教师们如何通过清理人体各种垃圾来“洽未病”,如何运动、助眠、自我调节,达到身心愉悦;还为女教师和老教师特别安排了贴心叮咛;针对教师在校园内外会遇到的各种突发情况,介绍了急救方法和传染疾病防控等公共卫生方面的知识。 | |
| 606 | 0 | @a教师@x保健@x基础知识 |
| 690 | @aG478.2@v5 | |
| 701 | 0 | @a张存泰@9zhang cun tai@4主编 |
| 801 | 0 | @aCN@b江苏凤凰@c20191020 |
| 905 | @b1229116-9@dG478.2@e190@f4 | |
| 送给教师的健康书/张存泰主编.-武汉:湖北人民出版社,2014 |
| 542页:图;21cm |
| ISBN 978-7-216-08318-8:CNY48.00 |
| 本书介绍了身体报警信号和体检的相关知识,提醒教师们自行留意身体可能的疾病隐患;针对教师常见的职业病、多发病,提供了自诊、检查、预防、运动锻炼以及居家食疗、按摩的方法;告诉教师们如何通过清理人体各种垃圾来“洽未病”,如何运动、助眠、自我调节,达到身心愉悦;还为女教师和老教师特别安排了贴心叮咛;针对教师在校园内外会遇到的各种突发情况,介绍了急救方法和传染疾病防控等公共卫生方面的知识。 |
| ● |
| 相关链接 |
|
|
|
|
正题名:送给教师的健康书
索取号:G478.2/190
 
预约/预借
| 序号 | 登录号 | 条形码 | 馆藏地/架位号 | 状态 | 备注 |
| 1 | 1229116 | 212291161 | 第一样本阅览室/ [索取号:G478.2/190] | 在馆 | |
| 2 | 1229117 | 212291170 | 教育系资料室/ [索取号:G478.2/190] | 在馆 | |
| 3 | 1229118 | 212291189 | 教育系资料室/ [索取号:G478.2/190] | 在馆 | |
| 4 | 1229119 | 212291198 | 第四借阅区/ [索取号:G478.2/190] | 在馆 |